000 01066nam a2200265Ia 4500
003 OSt
005 20220923224541.0
006 a|||||r|||| 00| 0
007 ta
008 220922b |||||||| |||| 00| 0 hin d
020 _c200
024 _a241,250
037 _b494, 04/03/2010, Vani Prakashan
_cTextual
040 _aARTS
_cARTS
_bhin
041 _2hin
_ahin
082 _aP44:795, 152P4
100 _aभाटिया, कैलाशचन्द्र, संपा.
245 0 _aभारतीय भाषाएं और हिन्दी अनुवाद समस्या - समाधान
246 _aBhāratīya bhāṣhāean aur hindī anuvād samasyā - samādhāna
250 _aतृतीय प्रकाशन
260 _aनयी दिल्ली
_b वाणी प्रकाशन
_c2004
300 _a161पृ.
_ccm.
942 _hP44:795, 152P4
_cTEXL
_2CC
999 _c372120
_d372120